| 000 | 00409nam a22001337a 4500 | ||
|---|---|---|---|
| 008 | 230602b xxu||||| |||| 00| 0 eng d | ||
| 020 | _a9780844495279 | ||
| 082 |
_a027 _bLOC |
||
| 110 | _bLibrary of Congress | ||
| 245 |
_aAnnual Report of The Librarian of Congress _bfor the fiscal year ending September 30, 2010 |
||
| 260 |
_aWashington, D.C. _bLibrary of Congress _c2011 |
||
| 300 | _aXII,69p | ||
| 942 |
_2ddc _cBK |
||
| 999 |
_c141 _d141 |
||